00587nam a2200145Ia 4500008004100000050002500041100002100066245008800087260008600175300003400261521001200295942000700307999001900314952010800333140724s9999 xx 000 0 und d aRT 48.6b.Al454 2010 aAlonte, Maricar. 2aA community diagnosis of Barangay BF International Village CAA-A /cMaricar Alonte. aLas Piñas, Philippines :bSouthville International School and Colleges,cc2010. a171 p. :bcol. Ill. ;c28 cm. aNursing cTH c229002d229002 001040aCLbCLcTHESESd2014-07-24l0oRT 48.6 .Al454 2010pT0356r2018-05-15 00:00:00w2014-07-24yTH